000 00315nam a2200145Ia 4500
008 090124s9999 xx 000 0 und d
082 _b303589
245 _a ओढ
250 _a1
260 _bमहाजन छाया
_c1997
300 _a139
630 _a ओढ
730 _a ओढ
942 _cBOOK
999 _c193226
_d193226